| 000 | 00717nam a2200217 a 4500 | ||
|---|---|---|---|
| 001 | BRCA_1365 | ||
| 005 | 20190320203408.0 | ||
| 008 | 790620s1974 mx-a---##b---#000-0#spa-# | ||
| 040 |
_aDLC _cDLC _dDLC |
||
| 050 | 4 |
_aNA5257 _b.D53 1974 |
|
| 100 | 1 |
_aDíaz, Marco _94470 |
|
| 245 | 1 | 0 |
_aArquitectura religiosa en Atlixco _cpor Marco Díaz. |
| 260 |
_aMéxico _bUNAM,Instituto de Investigaciones Estéticas _c1974 |
||
| 300 |
_a126 p. _bil. _c23 cm. |
||
| 500 | _aIncluye índice de ilustraciones y apéndice | ||
| 504 | _aBibliografía: p. 113-117 | ||
| 650 | 1 | 4 |
_aArquitectura religiosa _zMéxico _924 |
| 650 | 1 | 4 |
_aArquitectura colonial _zMéxico _91940 |
| 650 | 1 | 4 |
_aArquitectura barroca _zMéxico _923 |
| 942 |
_2lcc _cB |
||
| 999 |
_c1227 _d1227 |
||